|
|
|
|
| LEADER |
00000nab a2200000 a 4500 |
| 001 |
vtls000063714 |
| 003 |
SK-MaSNL |
| 005 |
20260303212924.0 |
| 008 |
140505c1980 xo 0 slo |
| 015 |
|
|
|a SNBRB19rr/mm-uuuuu
|
| 035 |
|
|
|a CL0073814
|
| 040 |
|
|
|a SNKBUCL
|b slo
|c SNKBUCL
|e AACR2
|
| 041 |
0 |
|
|a slo
|
| 044 |
|
|
|a xo
|c SK
|
| 080 |
|
|
|a 347.7
|2 1981
|
| 080 |
|
|
|a 321
|2 1981
|
| 100 |
1 |
|
|a Ovečková, Oľga,
|d 1939-
|4 aut
|9 118837
|
| 245 |
1 |
0 |
|a Upevnenie socialistickej zákonnosti v hospodárskoprávnych vzťahoch
|c Oľga Ovečková
|
| 300 |
|
|
|b Res. rus., angl.
|
| 650 |
0 |
7 |
|a hospodárske právo
|2 snkbucl
|9 979
|
| 650 |
0 |
7 |
|a zákonnosť socialistická
|2 snkbucl
|9 921887
|
| 655 |
|
7 |
|a články z novín a časopisov
|2 snkbucl
|9 267496
|
| 773 |
0 |
|
|t Právny obzor
|g Roč. 63, č. 3 (1980), s. 242-250
|
| 850 |
|
|
|a Slovenská národná knižnica v Martine
|a MTA001
|
| 852 |
|
|
|a SNK
|b KIS3GCP
|
| 958 |
|
|
|a RK
|
| 992 |
|
|
|a RBX
|
| 999 |
|
|
|c 2209727
|d 2211657
|